| 000 | 00745nam a2200241 a 4500 | ||
|---|---|---|---|
| 001 | BRCA_5607 | ||
| 005 | 20190320205142.0 | ||
| 008 | 210211r1944----mx-a######---#000-0#spa-# | ||
| 041 | _aspa | ||
| 044 | _amx | ||
| 050 | 4 |
_aF1230.C6 _b.R66 1944 |
|
| 100 | 1 |
_aRomero de Terreros, Manuel _cMarqués de San Francisco _d1880-1968 _914294 |
|
| 245 | 1 | 0 |
_aHernán Cortés _bsus hijos y nietos, caballeros de las órdenes militares _cManuel Romero de Terreros. |
| 250 | _a2 | ||
| 260 |
_aMéxico _bPorrúa _c1944 |
||
| 300 |
_a72 p. _c25 cm. |
||
| 500 | _aEste trabajo se publicó por primera vez en 1919 | ||
| 500 | _aF85 | ||
| 600 | 1 | 4 |
_aCortés, Hernando _d1485-1547 _914295 |
| 650 | 1 | 4 |
_aCortés, Familia _914296 |
| 902 | _aGFM | ||
| 942 |
_2lcc _cB |
||
| 999 |
_c5301 _d5301 |
||